Introduction to RF stealth (Include CD) / (Record no. 183582)
[ view plain ]
| 000 -LEADER | |
|---|---|
| fixed length control field | 01289 a2200289 4500 |
| 003 - CONTROL NUMBER IDENTIFIER | |
| control field | Nust |
| 005 - DATE AND TIME OF LATEST TRANSACTION | |
| control field | 20221230094901.0 |
| 010 ## - LIBRARY OF CONGRESS CONTROL NUMBER | |
| LC control number | 2005297121 |
| 020 ## - INTERNATIONAL STANDARD BOOK NUMBER | |
| International Standard Book Number | 0863413498 |
| 020 ## - INTERNATIONAL STANDARD BOOK NUMBER | |
| International Standard Book Number | 1891121219 |
| 035 ## - SYSTEM CONTROL NUMBER | |
| System control number | (OCoLC)ocm54106268 |
| 040 ## - CATALOGING SOURCE | |
| Transcribing agency | Nust |
| 082 ## - DEWEY DECIMAL CLASSIFICATION NUMBER | |
| Classification number | 623.734,LYN |
| 100 1# - MAIN ENTRY--PERSONAL NAME | |
| Personal name | Lynch, David |
| 9 (RLIN) | 106470 |
| 245 10 - TITLE STATEMENT | |
| Title | Introduction to RF stealth (Include CD) / |
| Statement of responsibility, etc. | David Lynch, Jr. |
| 260 ## - PUBLICATION, DISTRIBUTION, ETC. | |
| Place of publication, distribution, etc. | Raleigh, NC : |
| Name of publisher, distributor, etc. | SciTech Pub., |
| Date of publication, distribution, etc. | c2004. |
| 300 ## - PHYSICAL DESCRIPTION | |
| Extent | xv, 575 p. : |
| Other physical details | ill. ; |
| Dimensions | 24 cm. + |
| Accompanying material | 1 CD-ROM (4 3/4 in.) |
| 440 #4 - SERIES STATEMENT/ADDED ENTRY--TITLE | |
| Title | The SciTech radar and defense series |
| 9 (RLIN) | 106466 |
| 505 ## - FORMATTED CONTENTS NOTE | |
| Formatted contents note | Introduction to Stealth Systems (Page-1), Interceptability Parameters and Analysis (Page-61), Intercept Receivers (Page-117), Exploitation of the Environment (Page-195), Stealth Waveforms (Page-275), Stealth Antennas and Radomes (Page-351), Signal Processing (Page-457). |
| 650 #0 - SUBJECT ADDED ENTRY--TOPICAL TERM | |
| Topical term or geographic name entry element | Low probability of intercept radar. |
| 9 (RLIN) | 106471 |
| 650 #0 - SUBJECT ADDED ENTRY--TOPICAL TERM | |
| Topical term or geographic name entry element | Radar |
| General subdivision | Military applications. |
| 9 (RLIN) | 48895 |
| 650 #0 - SUBJECT ADDED ENTRY--TOPICAL TERM | |
| Topical term or geographic name entry element | Signal detection |
| General subdivision | Mathematics. |
| 9 (RLIN) | 106472 |
| 651 ## - SUBJECT ADDED ENTRY--GEOGRAPHIC NAME | |
| Geographic name | (Include CD) |
| 9 (RLIN) | 8953 |
| 856 42 - ELECTRONIC LOCATION AND ACCESS | |
| Materials specified | Publisher description |
| Uniform Resource Identifier | <a href="http://www.loc.gov/catdir/enhancements/fy0632/2005297121-d.html">http://www.loc.gov/catdir/enhancements/fy0632/2005297121-d.html</a> |
| 856 42 - ELECTRONIC LOCATION AND ACCESS | |
| Materials specified | Table of contents only |
| Uniform Resource Identifier | <a href="http://www.loc.gov/catdir/enhancements/fy0632/2005297121-t.html">http://www.loc.gov/catdir/enhancements/fy0632/2005297121-t.html</a> |
| 942 ## - ADDED ENTRY ELEMENTS (KOHA) | |
| Source of classification or shelving scheme | |
| Koha item type | Book |
| Withdrawn status | Lost status | Source of classification or shelving scheme | Damaged status | Not for loan | Permanent Location | Current Location | Shelving location | Date acquired | Full call number | Barcode | Date last seen | Price effective from | Koha item type | Public note |
|---|---|---|---|---|---|---|---|---|---|---|---|---|---|---|
| Military College of Signals (MCS) | Military College of Signals (MCS) | General Stacks | 12/12/2016 | 623.734,LYN | MCS31523 | 12/08/2016 | 12/12/2016 | Book | Almirah No.41, Shelf No.2 |
